[Event "Nationale pupillendag 2013"]
[Site "Roosendaal"]
[Date "2013.06.15"]
[Round "1.14"]
[White "Sterkendries, Lobke"]
[Black "Piersma, Wisse"]
[Result "0-1"]
[LiveChessVersion "1.4.2"]
[BlackElo "602"]
[WhiteElo "282"]

1. e4 {[%clk 0:19:58]} e5 {[%clk 0:19:57]} 2. Nf3 {[%clk 0:19:56]} Nc6
{[%clk 0:19:55]} 3. Nc3 {[%clk 0:19:53]} Nf6 {[%clk 0:19:51]} 4. Bc4
{[%clk 0:19:51]} Bc5 {[%clk 0:19:45]} 5. d4 {[%clk 0:19:47]} Bxd4
{[%clk 0:19:05]} 6. Nxd4 {[%clk 0:19:44]} Nxd4 7. O-O {[%clk 0:19:33]} O-O 8. f3
d6 {[%clk 0:18:04]} 9. Bg5 {[%clk 0:19:16]} h6 {[%clk 0:17:46]} 10. Bxf6
{[%clk 0:19:12]} Qxf6 {[%clk 0:17:37]} 11. f4 {[%clk 0:19:06]} Be6
{[%clk 0:16:30]} 12. fxe5 {[%clk 0:18:56]} dxe5 {[%clk 0:16:15]} 13. Bxe6
{[%clk 0:18:47]} Qxe6 {[%clk 0:15:57]} 14. Na4 {[%clk 0:18:24]} Qc6
{[%clk 0:14:54]} 15. b3 {[%clk 0:18:12]} Qxe4 {[%clk 0:14:30]} 16. Re1
{[%clk 0:18:07]} Qxc2 {[%clk 0:13:55]} 17. Qg4 {[%clk 0:17:57]} Qd2
{[%clk 0:13:00]} 18. Rad1 {[%clk 0:17:47]} Qxa2 {[%clk 0:12:24]} 19. Ra1
{[%clk 0:17:39]} Qxb3 {[%clk 0:12:00]} 20. Reb1 {[%clk 0:17:35]} Qe3+
{[%clk 0:11:38]} 21. Kf1 {[%clk 0:17:14]} Qd3+ {[%clk 0:10:30]} 22. Ke1
{[%clk 0:17:02]} Nc2+ {[%clk 0:10:16]} 23. Kf2 {[%clk 0:16:53]} Nxa1
{[%clk 0:09:46]} 24. Rxa1 {[%clk 0:16:48]} Rad8 {[%clk 0:08:10]} 25. Nb2
{[%clk 0:16:41]} Qd2+ {[%clk 0:08:03]} 26. Kf3 {[%clk 0:16:31]} Qxb2
{[%clk 0:07:55]} 27. Rh1 {[%clk 0:16:22]} Rd3+ {[%clk 0:07:45]} 28. Ke4
{[%clk 0:16:16]} Rd4+ {[%clk 0:07:32]} 29. Kf3 {[%clk 0:16:07]} Rxg4
{[%clk 0:07:22]} 30. Kxg4 {[%clk 0:16:04]} Rd8 {[%clk 0:07:10]} 31. Kf5
{[%clk 0:15:49]} Qxg2 {[%clk 0:06:56]} 32. Ra1 {[%clk 0:15:42]} Qg6+
{[%clk 0:06:35]} 33. Kxe5 {[%clk 0:15:36]} Qf6+ 34. Ke4 {[%clk 0:15:24]} Qxa1
{[%clk 0:06:22]} 35. h4 {[%clk 0:15:21]} Qd4+ {[%clk 0:06:12]} 36. Kf5
{[%clk 0:15:16]} Rd5# {[%clk 0:06:04]} 0-1

[Event "Nationale pupillendag 2013"]
[Site "Roosendaal"]
[Date "2013.06.15"]
[Round "1.15"]
[White "Pols, Lennart"]
[Black "Veltrop, Jelle"]
[Result "1-0"]
[LiveChessVersion "1.4.2"]
[BlackElo "235"]
[WhiteElo "588"]

1. e4 {[%clk 0:19:59]} e5 {[%clk 0:19:59]} 2. Nf3 {[%clk 0:19:57]} d6
{[%clk 0:19:57]} 3. Nc3 {[%clk 0:19:54]} Nc6 {[%clk 0:19:55]} 4. d4
{[%clk 0:19:38]} exd4 {[%clk 0:19:48]} 5. Nxd4 {[%clk 0:19:36]} Nxd4
{[%clk 0:19:48]} 6. Qxd4 {[%clk 0:19:36]} c5 {[%clk 0:19:22]} 7. Qd1
{[%clk 0:19:20]} Be6 {[%clk 0:19:14]} 8. Bb5+ {[%clk 0:19:11]} Bd7
{[%clk 0:19:09]} 9. Bxd7+ {[%clk 0:19:08]} Qxd7 {[%clk 0:19:06]} 10. O-O
{[%clk 0:19:03]} O-O-O 11. Bg5 f6 {[%clk 0:18:53]} 12. Bd2 {[%clk 0:18:55]} Nh6
{[%clk 0:18:49]} 13. Bxh6 {[%clk 0:18:45]} gxh6 {[%clk 0:18:47]} 14. Qd2
{[%clk 0:18:18]} Rg8 {[%clk 0:18:46]} 15. Nd5 {[%clk 0:17:57]} Qg7
{[%clk 0:18:42]} 16. g3 {[%clk 0:17:47]} h5 17. Qf4 h4 {[%clk 0:18:10]} 18. Qxh4
{[%clk 0:17:40]} Be7 {[%clk 0:18:02]} 19. Nxe7+ {[%clk 0:17:38]} Qxe7
{[%clk 0:17:59]} 20. Rad1 {[%clk 0:17:22]} b5 {[%clk 0:16:36]} 21. Rfe1
{[%clk 0:17:10]} d5 22. exd5 Qg7 23. Re6 f5 {[%clk 0:15:35]} 24. d6
{[%clk 0:16:44]} f4 25. Qxf4 Rdf8 26. Qh4 Qf7 {[%clk 0:14:39]} 27. Re2
{[%clk 0:16:27]} Qf3 {[%clk 0:14:20]} 28. Rdd2 {[%clk 0:16:17]} Rxg3+
{[%clk 0:13:54]} 29. Qxg3 {[%clk 0:16:13]} Qh5 {[%clk 0:13:39]} 30. d7+
{[%clk 0:16:07]} Kd8 {[%clk 0:20:00]} 31. Qb8# 1-0

[Event "Nationale pupillendag 2013"]
[Site "Roosendaal"]
[Date "2013.06.15"]
[Round "1.16"]
[White "Sortsritip, Iris"]
[Black "Bleeker, Kasper"]
[Result "0-1"]
[LiveChessVersion "1.4.2"]
[BlackElo "587"]
[WhiteElo "222"]

1. e4 e5 2. Nf3 Nc6 3. Nc3 Nf6 4. Bc4 {[%clk 0:19:45]} Nd4 {[%clk 0:19:59]} 5.
Ng5 {[%clk 0:19:42]} d5 {[%clk 0:19:26]} 6. Bb5+ {[%clk 0:19:39]} c6
{[%clk 0:19:24]} 7. Be2 {[%clk 0:19:35]} Nxe4 {[%clk 0:19:16]} 8. Ncxe4
{[%clk 0:19:31]} dxe4 {[%clk 0:19:15]} 9. Nxe4 {[%clk 0:19:27]} Bf5
{[%clk 0:19:11]} 10. Ng3 {[%clk 0:19:19]} Nxc2+ {[%clk 0:19:03]} 11. Qxc2
{[%clk 0:19:18]} Bxc2 {[%clk 0:19:03]} 12. d3 {[%clk 0:19:09]} Qe7
{[%clk 0:18:55]} 13. O-O {[%clk 0:19:01]} g6 {[%clk 0:18:50]} 14. Bd2
{[%clk 0:18:31]} Bg7 {[%clk 0:18:41]} 15. Rac1 {[%clk 0:18:28]} Ba4
{[%clk 0:18:31]} 16. b3 {[%clk 0:18:26]} Bb5 {[%clk 0:18:31]} 17. b4
{[%clk 0:18:16]} Ba4 {[%clk 0:18:28]} 18. Rc5 {[%clk 0:18:08]} a5
{[%clk 0:18:26]} 19. Rc3 {[%clk 0:18:02]} axb4 {[%clk 0:18:23]} 20. Ra3
{[%clk 0:17:59]} bxa3 {[%clk 0:18:22]} 21. Rb1 {[%clk 0:17:30]} Bc2
{[%clk 0:18:12]} 22. Rc1 {[%clk 0:17:27]} Ba4 {[%clk 0:18:08]} 23. Rb1
{[%clk 0:17:21]} b5 {[%clk 0:18:05]} 24. Rb4 {[%clk 0:17:18]} 0-1

[Event "Nationale pupillendag 2013"]
[Site "Roosendaal"]
[Date "2013.06.15"]
[Round "1.17"]
[White "Kooistra, Marthijn"]
[Black "Adema, Wessel"]
[Result "1-0"]
[LiveChessVersion "1.4.2"]
[BlackElo "557"]
[WhiteElo "108"]

1. e4 {[%clk 0:19:59]} e5 {[%clk 0:19:59]} 2. Bc4 {[%clk 0:19:57]} Bc5
{[%clk 0:19:55]} 3. Nf3 {[%clk 0:19:54]} Nc6 {[%clk 0:19:54]} 4. Nc3
{[%clk 0:19:51]} d6 {[%clk 0:19:51]} 5. d3 {[%clk 0:19:35]} Nf6 {[%clk 0:19:49]}
6. Bg5 {[%clk 0:19:27]} Bg4 {[%clk 0:19:42]} 7. h3 {[%clk 0:19:14]} Bxf3
{[%clk 0:19:37]} 8. gxf3 {[%clk 0:19:10]} O-O {[%clk 0:19:30]} 9. h4
{[%clk 0:18:58]} h6 {[%clk 0:19:19]} 10. Be3 {[%clk 0:18:50]} Bxe3
{[%clk 0:19:07]} 11. fxe3 {[%clk 0:18:47]} Nh5 {[%clk 0:17:41]} 12. f4
{[%clk 0:18:38]} exf4 {[%clk 0:17:36]} 13. Qxh5 {[%clk 0:18:32]} fxe3
{[%clk 0:17:28]} 14. Rh3 {[%clk 0:18:20]} Nb4 {[%clk 0:17:22]} 15. O-O-O
{[%clk 0:17:39]} Qf6 {[%clk 0:16:58]} 16. Rf3 {[%clk 0:17:14]} Qe7
{[%clk 0:16:32]} 17. Rxe3 {[%clk 0:16:41]} g5 {[%clk 0:15:50]} 18. Rf1
{[%clk 0:16:07]} c5 {[%clk 0:14:42]} 19. Ref3 {[%clk 0:15:50]} Qc7
{[%clk 0:13:06]} 20. Qxh6 {[%clk 0:15:41]} Rad8 {[%clk 0:12:23]} 21. Rg3
{[%clk 0:15:33]} Qe7 {[%clk 0:11:48]} 22. Rxg5+ {[%clk 0:15:24]} Qxg5+
{[%clk 0:11:40]} 23. Qxg5+ {[%clk 0:15:20]} Kh7 {[%clk 0:11:29]} 24. Rf6
{[%clk 0:15:14]} Rg8 {[%clk 0:11:20]} 25. Qh6# {[%clk 0:15:02]} 1-0

[Event "Nationale pupillendag 2013"]
[Site "Roosendaal"]
[Date "2013.06.15"]
[Round "1.18"]
[White "Sturm, Laurens"]
[Black "Lucas, Emma"]
[Result "1-0"]
[LiveChessVersion "1.4.2"]
[BlackElo "100"]
[WhiteElo "473"]

1. a3 a5 {[%clk 0:19:57]} 2. e3 {[%clk 0:19:54]} e5 {[%clk 0:19:53]} 3. d4
{[%clk 0:19:52]} d5 {[%clk 0:19:50]} 4. dxe5 {[%clk 0:19:50]} Bc5
{[%clk 0:19:37]} 5. f3 {[%clk 0:19:46]} Qh4+ 6. g3 Qh5 {[%clk 0:19:15]} 7. g4
{[%clk 0:19:42]} Qh6 {[%clk 0:19:11]} 8. e4 {[%clk 0:19:40]} Qg6 {[%clk 0:19:08]}
9. Qxd5 Qa6 {[%clk 0:18:54]} 10. Bxa6 {[%clk 0:19:32]} bxa6 {[%clk 0:18:50]} 11.
Qxa8 {[%clk 0:19:30]} Kd8 {[%clk 0:18:42]} 12. Qxb8 {[%clk 0:19:29]} Nh6
{[%clk 0:18:31]} 13. Nh3 {[%clk 0:19:27]} Kd7 {[%clk 0:18:22]} 14. Kf2
{[%clk 0:19:24]} Nxg4+ {[%clk 0:18:17]} 15. fxg4 {[%clk 0:19:22]} Bb4
{[%clk 0:17:55]} 16. Ke2 Bc5 {[%clk 0:17:41]} 17. Rd1+ {[%clk 0:19:14]} Kc6
{[%clk 0:17:35]} 18. Rd5 {[%clk 0:18:57]} a4 {[%clk 0:17:25]} 19. Be3
{[%clk 0:18:54]} Bxe3 {[%clk 0:16:55]} 20. Kxe3 {[%clk 0:18:53]} a5
{[%clk 0:16:52]} 21. b4 {[%clk 0:18:43]} axb4 {[%clk 0:16:46]} 22. axb4
{[%clk 0:18:42]} Ba6 {[%clk 0:16:36]} 23. b5+ {[%clk 0:18:26]} Bxb5
{[%clk 0:16:28]} 24. Rxb5 {[%clk 0:18:19]} Kxb5 {[%clk 0:16:14]} 25. Qxh8
{[%clk 0:18:16]} h6 {[%clk 0:16:06]} 26. Qxg7 c5 27. Qxf7 {[%clk 0:17:57]} c4
{[%clk 0:16:01]} 28. e6 {[%clk 0:17:56]} c3 {[%clk 0:15:57]} 29. e7
{[%clk 0:17:55]} Kb4 {[%clk 0:15:54]} 30. e8=R {[%clk 0:17:39]} Kc5
{[%clk 0:15:51]} 31. Qc7+ {[%clk 0:17:37]} Kb4 {[%clk 0:15:29]} 32. Qxc3+
{[%clk 0:17:19]} Kb5 33. Qe5+ Kc4 {[%clk 0:15:14]} 34. Nc3 {[%clk 0:17:06]} Kb4
{[%clk 0:14:56]} 35. Rxa4# {[%clk 0:16:37]} 1-0

[Event "Nationale pupillendag 2013"]
[Site "Roosendaal"]
[Date "2013.06.15"]
[Round "2.1"]
[White "Van Dael, Siem"]
[Black "Huang, Qian"]
[Result "0-1"]
[LiveChessVersion "1.4.2"]
[BlackElo "686"]
[WhiteElo "1454"]

1. e4 {[%clk 0:19:57]} e5 {[%clk 0:19:59]} 2. Nf3 {[%clk 0:19:56]} d6
{[%clk 0:19:56]} 3. Bc4 {[%clk 0:19:55]} Nc6 {[%clk 0:19:54]} 4. d3
{[%clk 0:19:54]} h6 {[%clk 0:19:49]} 5. Nc3 {[%clk 0:19:52]} Nf6 {[%clk 0:19:46]}
6. Be3 {[%clk 0:19:51]} Be7 {[%clk 0:19:44]} 7. Qd2 {[%clk 0:19:50]} O-O
{[%clk 0:19:41]} 8. O-O-O {[%clk 0:19:47]} Bd7 {[%clk 0:19:31]} 9. h3
{[%clk 0:19:43]} a6 {[%clk 0:19:29]} 10. g4 {[%clk 0:19:41]} b5 {[%clk 0:19:25]}
11. Bd5 {[%clk 0:19:37]} Nxd5 {[%clk 0:19:22]} 12. Nxd5 {[%clk 0:19:36]} Be6
{[%clk 0:19:17]} 13. Rdg1 {[%clk 0:19:32]} Bxd5 14. exd5 Na7 {[%clk 0:19:01]} 15.
g5 {[%clk 0:19:26]} hxg5 16. Nxg5 {[%clk 0:19:25]} Rb8 {[%clk 0:18:42]} 17. h4
{[%clk 0:19:23]} Nc8 {[%clk 0:18:38]} 18. h5 {[%clk 0:19:21]} Nb6
{[%clk 0:18:27]} 19. Bxb6 {[%clk 0:19:19]} Rxb6 {[%clk 0:18:26]} 20. h6
{[%clk 0:19:14]} g6 {[%clk 0:18:23]} 21. f4 {[%clk 0:19:00]} exf4
{[%clk 0:18:16]} 22. Qxf4 {[%clk 0:18:58]} Bxg5 {[%clk 0:18:09]} 23. Qxg5
{[%clk 0:18:56]} Qxg5+ {[%clk 0:18:01]} 24. Rxg5 {[%clk 0:18:55]} Kh7
{[%clk 0:17:57]} 25. Rg4 {[%clk 0:18:46]} c5 {[%clk 0:17:55]} 26. dxc6
{[%clk 0:18:43]} Rxc6 {[%clk 0:17:54]} 27. Re4 {[%clk 0:18:38]} Rc5
{[%clk 0:17:46]} 28. Rd4 {[%clk 0:18:34]} Rd8 {[%clk 0:17:38]} 29. b4
{[%clk 0:18:31]} Rh5 {[%clk 0:17:27]} 30. Rdh4 {[%clk 0:18:15]} Rxh4
{[%clk 0:17:20]} 31. Rxh4 {[%clk 0:18:14]} Re8 {[%clk 0:17:14]} 32. Kd2
{[%clk 0:18:10]} Re5 {[%clk 0:17:11]} 33. a3 {[%clk 0:17:52]} Rh5
{[%clk 0:17:09]} 34. Rd4 {[%clk 0:17:50]} d5 {[%clk 0:17:05]} 35. Rf4
{[%clk 0:17:44]} Rf5 {[%clk 0:17:00]} 36. Rxf5 {[%clk 0:17:37]} gxf5
{[%clk 0:16:58]} 37. Ke3 {[%clk 0:17:37]} Kxh6 {[%clk 0:16:56]} 38. Kf4
{[%clk 0:17:36]} Kg6 {[%clk 0:16:54]} 39. d4 {[%clk 0:17:27]} f6 {[%clk 0:16:50]}
40. c3 {[%clk 0:17:26]} Kf7 {[%clk 0:16:42]} 41. Kxf5 {[%clk 0:17:19]} Ke7
{[%clk 0:16:40]} 42. Kg6 {[%clk 0:17:17]} Ke6 {[%clk 0:16:39]} 43. Kg7
{[%clk 0:16:57]} f5 {[%clk 0:16:37]} 44. Kg6 {[%clk 0:16:54]} f4 {[%clk 0:16:36]}
45. c4 {[%clk 0:16:17]} dxc4 {[%clk 0:16:32]} 46. Kg5 {[%clk 0:14:54]} f3
{[%clk 0:16:31]} 47. Kf4 {[%clk 0:14:29]} f2 {[%clk 0:16:29]} 48. Ke3
{[%clk 0:14:04]} f1=Q {[%clk 0:16:26]} 49. d5+ {[%clk 0:14:02]} Kxd5
{[%clk 0:16:22]} 50. a4 {[%clk 0:14:00]} Qd3+ {[%clk 0:16:18]} 51. Kf2
{[%clk 0:13:59]} bxa4 52. b5 {[%clk 0:13:57]} axb5 {[%clk 0:16:12]} 53. Ke1
{[%clk 0:13:57]} Qc2 {[%clk 0:16:10]} 54. Kf1 {[%clk 0:13:55]} a3
{[%clk 0:16:08]} 55. Ke1 {[%clk 0:13:53]} a2 {[%clk 0:16:07]} 56. Kf1
{[%clk 0:13:52]} a1=R# 0-1

[Event "Nationale pupillendag 2013"]
[Site "Roosendaal"]
[Date "2013.06.15"]
[Round "2.2"]
[White "Kudlicka, Daniel"]
[Black "Nguyen, Lucas"]
[Result "0-1"]
[LiveChessVersion "1.4.2"]
[BlackElo "1104"]
[WhiteElo "659"]

1. e4 {[%clk 0:19:59]} c5 {[%clk 0:19:59]} 2. Nf3 {[%clk 0:19:58]} Nc6
{[%clk 0:19:57]} 3. Bc4 {[%clk 0:19:56]} g6 {[%clk 0:19:55]} 4. Ng5
{[%clk 0:19:52]} e6 {[%clk 0:19:54]} 5. O-O {[%clk 0:19:46]} Qxg5
{[%clk 0:19:50]} 6. d3 {[%clk 0:19:45]} Qd8 {[%clk 0:19:48]} 7. Nc3
{[%clk 0:19:43]} Bg7 {[%clk 0:19:46]} 8. Bd2 {[%clk 0:19:40]} Nf6
{[%clk 0:19:39]} 9. Bf4 {[%clk 0:19:30]} d6 {[%clk 0:19:32]} 10. Nb5
{[%clk 0:19:23]} e5 {[%clk 0:19:23]} 11. Bg5 {[%clk 0:19:14]} O-O
{[%clk 0:19:09]} 12. Bd5 {[%clk 0:19:01]} Bd7 {[%clk 0:19:04]} 13. Nc3
{[%clk 0:18:58]} Qb6 {[%clk 0:18:28]} 14. Na4 {[%clk 0:18:45]} Qc7
{[%clk 0:18:01]} 15. b3 {[%clk 0:18:40]} Ne7 {[%clk 0:17:20]} 16. c4
{[%clk 0:18:28]} Nfxd5 {[%clk 0:15:55]} 17. Bxe7 {[%clk 0:18:25]} Nxe7
{[%clk 0:15:54]} 18. f4 {[%clk 0:17:55]} exf4 {[%clk 0:15:53]} 19. Rxf4
{[%clk 0:17:54]} Bxa1 {[%clk 0:15:49]} 20. Qxa1 {[%clk 0:17:50]} Bxa4
{[%clk 0:15:45]} 21. bxa4 {[%clk 0:17:47]} Nc6 {[%clk 0:15:31]} 22. Qc1
{[%clk 0:17:35]} Nd4 {[%clk 0:15:30]} 23. Qe3 {[%clk 0:17:30]} Qa5
{[%clk 0:15:27]} 24. Rh4 {[%clk 0:17:23]} Qc3 {[%clk 0:15:12]} 25. h3
{[%clk 0:17:04]} f6 {[%clk 0:14:19]} 26. Kh2 {[%clk 0:16:41]} Qc2
{[%clk 0:14:06]} 27. Qh6 {[%clk 0:15:54]} Nf3+ {[%clk 0:14:00]} 28. Kg3
{[%clk 0:15:53]} Nxh4 29. Qxh4 {[%clk 0:15:49]} Qxd3+ {[%clk 0:13:54]} 30. Kg4
{[%clk 0:15:47]} Qxe4+ {[%clk 0:13:52]} 31. Kg3 {[%clk 0:15:45]} Qe1+
{[%clk 0:13:48]} 32. Kg4 {[%clk 0:15:44]} Qxh4+ {[%clk 0:13:47]} 33. Kxh4
{[%clk 0:15:43]} g5+ {[%clk 0:13:45]} 34. Kg4 {[%clk 0:15:41]} Rae8
{[%clk 0:13:43]} 35. h4 {[%clk 0:15:38]} Re4+ {[%clk 0:13:41]} 36. Kf3
{[%clk 0:15:37]} Rxh4 {[%clk 0:13:40]} 37. g3 {[%clk 0:15:36]} Rxc4
{[%clk 0:13:39]} 38. a5 {[%clk 0:15:35]} Ra4 {[%clk 0:13:38]} 39. Ke3
{[%clk 0:15:30]} c4 {[%clk 0:13:35]} 40. Kd4 {[%clk 0:15:28]} h5 {[%clk 0:13:33]}
41. Kc3 {[%clk 0:15:26]} h4 {[%clk 0:13:31]} 42. a3 {[%clk 0:15:24]} hxg3
{[%clk 0:13:29]} 43. Kd4 {[%clk 0:15:22]} c3+ {[%clk 0:13:28]} 44. Kxc3
{[%clk 0:15:20]} Rc4+ {[%clk 0:13:27]} 45. Kxc4 {[%clk 0:15:17]} Rc8+
{[%clk 0:13:22]} 46. Kd5 {[%clk 0:15:16]} g2 {[%clk 0:13:19]} 47. Kxd6
{[%clk 0:15:15]} Rc6+ {[%clk 0:13:17]} 48. Kd7 {[%clk 0:15:13]} g1=Q
{[%clk 0:13:13]} 49. a6 {[%clk 0:15:10]} Qd4+ {[%clk 0:13:10]} 50. Ke7
{[%clk 0:15:07]} Qd6+ {[%clk 0:13:09]} 51. Ke8 {[%clk 0:15:05]} Rc8# 0-1

[Event "Nationale pupillendag 2013"]
[Site "Roosendaal"]
[Date "2013.06.15"]
[Round "2.3"]
[White "Algra, Sake"]
[Black "Van Houdt, Björn"]
[Result "0-1"]
[LiveChessVersion "1.4.2"]
[BlackElo "648"]
[WhiteElo "1084"]

1. e4 {[%clk 0:19:58]} e5 {[%clk 0:19:58]} 2. Nf3 {[%clk 0:19:56]} Nc6
{[%clk 0:19:57]} 3. Bc4 {[%clk 0:19:54]} Bc5 {[%clk 0:19:51]} 4. c3
{[%clk 0:19:53]} d6 {[%clk 0:19:47]} 5. d4 {[%clk 0:19:49]} exd4 {[%clk 0:19:39]}
6. cxd4 {[%clk 0:19:47]} Bb6 {[%clk 0:19:31]} 7. O-O {[%clk 0:19:10]} Bg4
{[%clk 0:19:29]} 8. h3 {[%clk 0:19:02]} Bxf3 {[%clk 0:19:27]} 9. Qxf3
{[%clk 0:19:00]} Nf6 {[%clk 0:19:24]} 10. d5 {[%clk 0:18:57]} Ne5
{[%clk 0:19:15]} 11. Qe2 {[%clk 0:18:21]} Nxc4 {[%clk 0:19:10]} 12. Qxc4
{[%clk 0:18:18]} Qe7 {[%clk 0:19:05]} 13. Re1 {[%clk 0:18:06]} O-O-O
{[%clk 0:19:00]} 14. Nc3 {[%clk 0:17:42]} Rdg8 {[%clk 0:18:55]} 15. Bd2
{[%clk 0:17:06]} g5 {[%clk 0:18:48]} 16. Rac1 {[%clk 0:16:59]} h5
{[%clk 0:18:35]} 17. Qe2 {[%clk 0:15:48]} g4 {[%clk 0:18:28]} 18. h4
{[%clk 0:15:35]} g3 {[%clk 0:18:18]} 19. Bg5 {[%clk 0:15:32]} gxf2+
{[%clk 0:18:11]} 20. Kf1 {[%clk 0:15:02]} fxe1=Q+ 21. Rxe1 Qe5 {[%clk 0:17:41]}
22. Qf3 {[%clk 0:14:46]} Ng4 {[%clk 0:17:17]} 23. Qxf7 {[%clk 0:13:59]} Rf8
{[%clk 0:17:01]} 24. Qf5+ {[%clk 0:13:42]} Rxf5+ {[%clk 0:16:56]} 25. exf5
{[%clk 0:13:41]} Qxf5+ 26. Ke2 Re8+ {[%clk 0:16:43]} 27. Kd1 {[%clk 0:13:38]}
Rxe1+ 28. Kxe1 Qf2+ {[%clk 0:16:34]} 29. Kd1 {[%clk 0:13:37]} Ne3+
{[%clk 0:16:30]} 30. Kc1 {[%clk 0:13:33]} Qc2# {[%clk 0:16:21]} 0-1

[Event "Nationale pupillendag 2013"]
[Site "Roosendaal"]
[Date "2013.06.15"]
[Round "2.4"]
[White "Kentstra, Marc"]
[Black "Muntean, Victor"]
[Result "0-1"]
[LiveChessVersion "1.4.2"]
[BlackElo "961"]
[WhiteElo "647"]

1. e4 {[%clk 0:19:58]} e5 {[%clk 0:19:57]} 2. Nf3 {[%clk 0:19:55]} Nc6
{[%clk 0:19:54]} 3. d4 {[%clk 0:19:53]} exd4 {[%clk 0:19:43]} 4. Nxd4
{[%clk 0:19:50]} Nxd4 {[%clk 0:19:37]} 5. Qxd4 {[%clk 0:19:47]} b6
{[%clk 0:19:35]} 6. Bc4 {[%clk 0:19:28]} Bc5 {[%clk 0:19:27]} 7. Qd5
{[%clk 0:19:24]} Qf6 {[%clk 0:19:01]} 8. O-O {[%clk 0:18:57]} c6 {[%clk 0:18:52]}
9. Qd3 {[%clk 0:18:43]} b5 {[%clk 0:18:34]} 10. Bb3 {[%clk 0:18:27]} Ne7
{[%clk 0:18:23]} 11. c3 {[%clk 0:16:39]} d6 {[%clk 0:18:16]} 12. Be3
{[%clk 0:16:33]} Ng6 {[%clk 0:17:54]} 13. Bxc5 {[%clk 0:16:15]} dxc5
{[%clk 0:17:47]} 14. Qc2 {[%clk 0:15:40]} Nf4 {[%clk 0:17:28]} 15. Qd1
{[%clk 0:14:50]} Qg5 {[%clk 0:17:00]} 16. Qf3 {[%clk 0:14:03]} Bg4
{[%clk 0:16:49]} 17. Qg3 {[%clk 0:13:53]} Ne2+ {[%clk 0:16:45]} 18. Kh1
{[%clk 0:13:41]} Nxg3+ {[%clk 0:16:41]} 19. fxg3 {[%clk 0:13:38]} Be2
{[%clk 0:16:23]} 20. Rxf7 {[%clk 0:13:08]} Qc1+ {[%clk 0:16:18]} 0-1

[Event "Nationale pupillendag 2013"]
[Site "Roosendaal"]
[Date "2013.06.15"]
[Round "2.5"]
[White "Schoppen, Jochem"]
[Black "Wingate, Alexa"]
[Result "1-0"]
[LiveChessVersion "1.4.2"]
[BlackElo "647"]
[WhiteElo "947"]

1. e4 {[%clk 0:19:59]} e5 {[%clk 0:19:59]} 2. Nf3 {[%clk 0:19:57]} Nc6
{[%clk 0:19:57]} 3. Bb5 {[%clk 0:19:55]} Bd6 {[%clk 0:19:43]} 4. O-O
{[%clk 0:19:49]} Nf6 {[%clk 0:19:39]} 5. Re1 {[%clk 0:19:45]} O-O
{[%clk 0:19:32]} 6. c3 {[%clk 0:18:28]} a6 {[%clk 0:19:26]} 7. Ba4
{[%clk 0:18:25]} b5 {[%clk 0:19:11]} 8. Bb3 {[%clk 0:18:18]} Bc5 {[%clk 0:18:49]}
9. d4 {[%clk 0:18:09]} Bd6 {[%clk 0:18:03]} 10. d5 {[%clk 0:17:27]} Na5
{[%clk 0:17:46]} 11. Bc2 {[%clk 0:17:20]} Bb7 {[%clk 0:17:19]} 12. Nbd2
{[%clk 0:17:01]} c6 {[%clk 0:17:01]} 13. dxc6 {[%clk 0:16:40]} Bxc6
{[%clk 0:16:51]} 14. Nf1 {[%clk 0:16:25]} Bc5 {[%clk 0:16:04]} 15. b4
{[%clk 0:16:08]} Bb6 {[%clk 0:15:44]} 16. bxa5 {[%clk 0:15:58]} Bxa5
{[%clk 0:15:41]} 17. Bb2 {[%clk 0:15:48]} Re8 {[%clk 0:15:03]} 18. Ng3
{[%clk 0:15:21]} Bb6 {[%clk 0:14:29]} 19. Qe2 {[%clk 0:15:10]} Ng4
{[%clk 0:13:49]} 20. Rf1 {[%clk 0:14:32]} b4 {[%clk 0:13:22]} 21. h3
{[%clk 0:14:10]} Bb5 {[%clk 0:13:09]} 22. Qd2 {[%clk 0:13:43]} Bxf1
{[%clk 0:12:47]} 23. hxg4 {[%clk 0:13:17]} bxc3 {[%clk 0:12:14]} 24. Qxc3
{[%clk 0:13:09]} Rc8 {[%clk 0:11:20]} 25. Qd2 {[%clk 0:12:40]} Ba5
{[%clk 0:10:40]} 26. Qd1 {[%clk 0:12:10]} d6 {[%clk 0:10:02]} 27. Kxf1
{[%clk 0:11:29]} Qc7 {[%clk 0:09:34]} 28. Bd3 {[%clk 0:11:06]} Qb6
{[%clk 0:09:02]} 29. Bc1 {[%clk 0:09:59]} Qc6 {[%clk 0:07:38]} 30. Be3
{[%clk 0:09:33]} Bc3 {[%clk 0:06:49]} 31. Rc1 {[%clk 0:09:03]} Qd7
{[%clk 0:06:05]} 32. Qb3 {[%clk 0:08:16]} Ba5 {[%clk 0:05:16]} 33. Rxc8
{[%clk 0:07:56]} Rxc8 {[%clk 0:04:58]} 34. Bxa6 {[%clk 0:07:17]} Ra8
{[%clk 0:04:00]} 35. Bc4 {[%clk 0:06:59]} Rf8 {[%clk 0:03:08]} 36. Nf5
{[%clk 0:06:18]} Qc7 {[%clk 0:01:55]} 37. Bg5 {[%clk 0:05:11]} Bb6
{[%clk 0:01:05]} 38. Ne7+ {[%clk 0:04:51]} Kh8 {[%clk 0:00:53]} 39. Nd5
{[%clk 0:04:31]} Qc5 {[%clk 0:00:38]} 40. Nxb6 {[%clk 0:04:11]} Qc6
{[%clk 0:00:06]} 41. Bxf7 {[%clk 0:03:20]} Qxe4 {[%clk 0:00:04]} 42. Be6
{[%clk 0:01:52]} Qb7 {[%clk 0:00:01]} 43. Bd5 {[%clk 0:01:34]} Qa7 1-0

[Event "Nationale pupillendag 2013"]
[Site "Roosendaal"]
[Date "2013.06.15"]
[Round "2.6"]
[White "Smith, Everett"]
[Black "Willemse, Shamati"]
[Result "1-0"]
[LiveChessVersion "1.4.2"]
[BlackElo "626"]
[WhiteElo "853"]

1. e4 {[%clk 0:19:58]} e5 {[%clk 0:19:58]} 2. Nf3 {[%clk 0:19:54]} Nc6
{[%clk 0:19:56]} 3. Bc4 {[%clk 0:19:51]} Nf6 {[%clk 0:19:51]} 4. Ng5
{[%clk 0:19:47]} d5 {[%clk 0:19:48]} 5. exd5 {[%clk 0:19:44]} Na5
{[%clk 0:19:30]} 6. Bb5+ {[%clk 0:19:33]} Bd7 {[%clk 0:19:14]} 7. Bxd7+
{[%clk 0:18:49]} Qxd7 {[%clk 0:19:14]} 8. b4 {[%clk 0:18:37]} Nc4
{[%clk 0:19:07]} 9. d3 {[%clk 0:18:33]} Nb6 {[%clk 0:19:01]} 10. Bd2
{[%clk 0:18:10]} Nfxd5 {[%clk 0:18:37]} 11. c4 {[%clk 0:17:39]} Nf6 12. O-O
{[%clk 0:17:05]} Qd4 {[%clk 0:18:30]} 13. Bc3 {[%clk 0:16:02]} Qd7
{[%clk 0:18:06]} 14. Bxe5 {[%clk 0:14:38]} Bxb4 15. Bxf6 {[%clk 0:14:38]} gxf6
{[%clk 0:18:06]} 16. Qe2+ {[%clk 0:14:16]} Kd8 {[%clk 0:17:32]} 17. Ne4
{[%clk 0:13:50]} Re8 {[%clk 0:17:21]} 18. Nbd2 {[%clk 0:13:14]} f5 19. Nf6
{[%clk 0:13:14]} Qd6 {[%clk 0:17:04]} 20. Qxe8# 1-0

[Event "Nationale pupillendag 2013"]
[Site "Roosendaal"]
[Date "2013.06.15"]
[Round "2.7"]
[White "Sealy, Dylan"]
[Black "Wijtsma, Aurelius"]
[Result "0-1"]
[LiveChessVersion "1.4.2"]
[BlackElo "622"]
[WhiteElo "781"]

1. e4 {[%clk 0:19:59]} e5 {[%clk 0:19:59]} 2. Nf3 {[%clk 0:19:57]} Nc6
{[%clk 0:19:57]} 3. d4 {[%clk 0:19:56]} exd4 {[%clk 0:19:53]} 4. Nxd4
{[%clk 0:19:55]} Nf6 5. Bg5 Bc5 {[%clk 0:19:29]} 6. c3 {[%clk 0:19:52]} h6
{[%clk 0:19:21]} 7. Nxc6 {[%clk 0:19:32]} bxc6 8. e5 hxg5 9. exf6 Qxf6 10. Qe2+
Be7 11. Qe3 Bb7 12. Bd3 O-O-O 13. h3 Rhe8 {[%clk 0:16:39]} 14. O-O
{[%clk 0:19:25]} Bd6 {[%clk 0:16:29]} 15. Qxa7 {[%clk 0:18:55]} Qe5
{[%clk 0:16:07]} 16. g3 {[%clk 0:18:45]} Bc5 17. Qa4 Qxg3+ {[%clk 0:15:27]} 18.
Kh1 {[%clk 0:18:34]} Qxh3+ 19. Kg1 Rh8 {[%clk 0:15:06]} 20. Be4 {[%clk 0:17:19]}
Qh2# 0-1